L'odalisco /

Guardat en:
Dades bibliogràfiques
Autor principal: Pescatori, Vittorio (Autor)
Format: Llibre
Idioma:italià
Publicat: Milano : Sugarco, [1989!
Etiquetes: Afegir etiqueta
Sense etiquetes, Sigues el primer a etiquetar aquest registre!

MARC

LEADER 00000nam a22000007i 4500
001 IT\ICCU\RAV\0109675
003 ItRI
005 20260214175906.0
008 900912s1989 it |||||| ||||| |||||c
040 |b ita  |c ct 
041 7 |a ita  |2 ISO-639-2 
082 |a 853.914  |2 20 
100 1 |a Pescatori, Vittorio  |0 IT\ICCU\CFIV\111831  |4 aut 
245 1 2 |a L'odalisco /  |c Vittorio Pescatori. 
260 |a Milano :  |b Sugarco,  |c [1989! 
300 |a 130 p. ;  |c 21 cm 
942 |2 ddc  |c BK 
952 |0 0  |1 0  |2 ddc  |4 0  |6 B_LNR02PESVIODA11  |7 0  |9 5198  |a MI  |b MI  |d 1993-06-30  |i 2864  |l 0  |o B-LNR02-PESVI-ODA11  |p CDOM2864  |r 2025-07-13 16:27:54  |w 2025-07-13  |x ACQUISTO  |y BK 
952 |0 0  |1 0  |2 ddc  |4 0  |6 B_LNR02PESVIODA12  |7 0  |9 5199  |a MI  |b MI  |d 2003-04-30  |i 4402  |l 0  |o B-LNR02-PESVI-ODA12  |p CDOM4402  |r 2025-07-13 16:27:54  |w 2025-07-13  |x DONO  |y BK 
952 |0 0  |1 0  |2 ddc  |4 0  |6 B_LNR02PESVIODA13  |7 0  |9 5200  |a MI  |b MI  |d 2005-07-13  |i 4919  |l 0  |o B-LNR02-PESVI-ODA13  |p CDOM4919  |r 2025-07-13 16:27:54  |w 2025-07-13  |x DONO  |y BK 
952 |0 0  |1 0  |4 0  |6 DOC_853_914000000000000_PES  |7 0  |9 25093  |a BO  |b BO  |d 2026-01-15  |i 2567  |l 0  |o DOC 853.914 PES  |p BO2567  |r 2026-01-15 23:23:58  |w 2026-01-15  |x [Sebina 5] [1 v.]  |y BK  |z 1 v. 
952 |0 0  |1 0  |4 0  |6 DOC_853_914000000000000_PES  |7 0  |9 25094  |a BO  |b BO  |d 2026-01-15  |i 6070  |l 0  |o DOC 853.914 PES  |p BO6070  |r 2026-01-15 23:23:58  |w 2026-01-15  |x [Sebina 5] [1 v.]  |y BK  |z 1 v. 
999 |c 4154  |d 4154